| 000 | 00474nam a2200169Ia 4500 | ||
|---|---|---|---|
| 003 | SGT | ||
| 020 | _a9788190561806 | ||
| 082 |
_a510 _bSIN |
||
| 100 | _aSingh,A.K | ||
| 245 | 2 | _aA textbook of engineering mathematics | |
| 260 |
_bVayu Education of India _aNew Delhi _c2008 |
||
| 300 | _a425p. | ||
| 650 | _aMATHEMATICS ENGINEERING | ||
| 653 | _aINFINTTE SERIES SERIES, MACLAURINS ANDDDDDDD TAYLORS EXPANSIONS, ASYMPTOTES | ||
| 700 | _aTripathi,C.M | ||
| 942 |
_2ddc _cBK _037 |
||
| 999 |
_c4920 _d4920 |
||